LEADER 00900nam0-22002891i-450 001 9910504210403321 005 20211124112825.0 035 $a000535274 100 $a19990604d1864----km-y0itay50------ba 101 0 $agrc 102 $aDE 105 $ay-------001cy 200 1 $aEuthyphro, Apologia Socratis, Crito, Phaedo$fPlatonis$gex recognitione Caroli Friderici Hermanni 210 $aLipsiae$cTeubner$d1864 215 $a174 p.$d17 cm 517 1 $aPlatonis Euthyphro, Apologia Socratis, Crito, Phaedo 610 0 $aPlatone$aDialoghi 676 $a184$v23$zita 700 1$aPlato$f<427-347 a. C.>$0292329 702 1$aHermann,$bKarl Friedrich 801 0$aIT$bUNINA$gREICAT$2UNIMARC 901 $aBK 912 $a9910504210403321 952 $aP2B 600 TEUB PLATO 408A 1864$b24168$fFLFBC 959 $aFLFBC 996 $aEuthyphro, Apologia Socratis, Crito, Phaedo$9599159 997 $aUNINA